Brassens - Heureux qui comme Ulysse - Statistiques

Statistiques générales
  • Ce quiz a été pris 118 fois
    116 depuis la dernière actualisation
  • Le résultat moyen est 111 sur 191
Statistiques - réponses
Paroles % Correct
a
100%
comme
100%
fait
100%
Heureux
100%
qu'
100%
qui
100%
Ulysse
100%
un
100%
voyage
100%
beau
94%
la
84%
Et
75%
et
75%
ma
67%
bon
63%
le
63%
de
61%
quand
58%
Quand
58%
vu
56%
est
54%
pays
54%
paysages
54%
c'en
52%
cent
52%
des
52%
puis
52%
Par
51%
Qu'elle
48%
retrouvé
48%
au
47%
belle
47%
liberté
47%
vertes
47%
on
46%
On
46%
années
44%
après
44%
petit
44%
Soleil
44%
soleil
44%
cœur
43%
coeur
43%
matin
43%
traversées
43%
maintes
42%
moi
42%
bonheur
41%
mon
41%
vous
41%
d'été
38%
ami
37%
temps
37%
vent
37%
ailleurs
35%
pluie
35%
Provence
35%
Camargue
34%
chante
34%
ici
33%
mieux
33%
bien
32%
cheval
30%
fini
30%
joli
29%
Avec
28%
avec
28%
contents
28%
malheurs
27%
sèche
27%
vos
27%
pleurs
25%
étangs
23%
milieu
20%
vivait
20%
perdus
16%
vivra
15%
Battus
13%
Aucun quiz correspondant
Distribution des résultats
% des personnes avec chaque résultat
Percentile par nombre de réponses
Votre historique - résultats
Vous n’avez pas pris ce quiz depuis la dernière actualisation